25 Greatest Stories for Young Readers/ (Record no. 214961)

MARC details
000 -LEADER
fixed length control field 00537nam a22001817a 4500
005 - DATE AND TIME OF LATEST TRANSACTION
control field 20260302141038.0
010 ## - LCCN (DPL NO)
LC control number BACCHEN26
020 ## - INTERNATIONAL STANDARD BOOK NUMBER
International Standard Book Number 9789355209009
Terms of availability 495.00
037 ## - SOURCE OF ACQUISITION
Stock number Rupa Publication
082 ## - DEWEY DECIMAL CLASSIFICATION NUMBER
Edition number 1
Classification number S
100 ## - MAIN ENTRY--PERSONAL NAME
Personal name Bond, Ruskin
245 ## - TITLE STATEMENT
Title 25 Greatest Stories for Young Readers/
Statement of responsibility, etc Ruskin Bond
250 ## - EDITION STATEMENT
Edition statement 3
260 ## - PUBLICATION, DISTRIBUTION, ETC. (IMPRINT)
Place of publication, distribution, etc New Delhi
Name of publisher, distributor, etc Rupa Publication
Date of publication, distribution, etc 2025
270 ## - ADDRESS
Address 161-B/4, Gulmohar House, Yusuf Sarai Community Centre
City New Delhi
Postal code 110049
300 ## - PHYSICAL DESCRIPTION
Extent 267p.
Dimensions 21cm(pb)
942 ## - ADDED ENTRY ELEMENTS (KOHA)
Source of classification or shelving scheme Dewey Decimal Classification
Item type English Books
Call number suffix BON
Classification part S

No items available.


© Delhi Public Library
Hit Counter
free hit counter